• 首页
  • 本馆介绍
  • 公告通知
  • 最新文献
  • 馆藏检索
  • 电子资源
  • 读者导购
  • 参考咨询
  • 我的图书馆
  • 登录
  • 详细信息显示
  • 放入我的书架
  • 预约/预借图书
  • 作者相关作品
  • 分类相关作品
  • 丛书相关作品
  • 出版社相关作品

书目信息

  • 表格格式
  • 工作单格式
  • 卡片格式
题名:
银行绩效管理实践案例
    
 
作者: 丁家奎 , 李国英 编著
分册:  
出版信息: 北京   中国经济出版社  2020.9
页数: 272页
开本: 24cm
丛书名:
单 册:
中图分类: F832.33
科图分类:
主题词: 中小企业--zhong xiao qi ye--商业银行--企业绩效--研究--中国
电子资源:
ISBN: 978-7-5136-6279-6
000 01468nam0 2200253 450
001 2158045626
005 20211011172911.0
010    @a978-7-5136-6279-6@dCNY52.00
100    @a20201211d2020 em y0chiy0110 ea
101 0  @achi
102    @aCN@b110000
105    @aa z 000yy
106    @ar
200 1  @a银行绩效管理实践案例@Ayin hang ji xiao guan li shi jian an li@dBank performance management practice@f丁家奎, 李国英编著@zeng
210    @a北京@c中国经济出版社@d2020.9
215    @a272页@c图@d24cm
330    @a精细化管理是广大中小银行发展的必由之路,高质量发展是未来一段时间银行发展的主题,而绩效管理是银行走向高质量发展的“牛鼻子”,是引领发展方向的“指挥棒”。本书在《银行绩效管理理论与实践》的基础上,以绩效管理建设理论为主线,从管理体系、文化体系、制度体系与软件体系四个维度,选择国内中小银行22个标杆案例项目进行分析。本书汇集全国22家“东、中、西”不同区域、不同发展环境、不同规模、不同发展程度中小银行绩效管理案例,是天维公司同近500家银行绩效管理20年全心合作、苦心摸索、潜心研究、用心总结的成果结晶,是中国过去20年中小银行绩效管理改革发展的全景画像,具有鲜明时代性、充分代表性、突出典型性,为仍在探索中的中小银行同业提供了宝贵的学习参考范例。
510 1  @aBank performance management practice@zeng
606 0  @a中小企业@Azhong xiao qi ye@x商业银行@x企业绩效@x研究@y中国
690    @aF832.33@v5
701  0 @a丁家奎@Ading jia kui@4编著
701  0 @a李国英@Ali guo ying@4编著
801  0 @aCN@b百万庄@c20211007
905    @b1307201-04@dF832.33@e211@f4
    
    银行绩效管理实践案例=Bank performance management practice/丁家奎, 李国英编著.-北京:中国经济出版社,2020.9
    272页:图;24cm
    
    
    ISBN 978-7-5136-6279-6:CNY52.00
    精细化管理是广大中小银行发展的必由之路,高质量发展是未来一段时间银行发展的主题,而绩效管理是银行走向高质量发展的“牛鼻子”,是引领发展方向的“指挥棒”。本书在《银行绩效管理理论与实践》的基础上,以绩效管理建设理论为主线,从管理体系、文化体系、制度体系与软件体系四个维度,选择国内中小银行22个标杆案例项目进行分析。本书汇集全国22家“东、中、西”不同区域、不同发展环境、不同规模、不同发展程度中小银行绩效管理案例,是天维公司同近500家银行绩效管理20年全心合作、苦心摸索、潜心研究、用心总结的成果结晶,是中国过去20年中小银行绩效管理改革发展的全景画像,具有鲜明时代性、充分代表性、突出典型性,为仍在探索中的中小银行同业提供了宝贵的学习参考范例。
●
相关链接 在E读中查询图书 在五车中查询图书 在当当中查询图书 在豆瓣中查询图书


正题名:银行绩效管理实践案例     索取号:F832.33/211         预约/预借

序号 登录号 条形码 馆藏地/架位号 状态 备注
1 1307201   213072011   第一样本阅览室/ [索取号:F832.33/211] 在馆    
2 1307202   213072020   第一借阅区/ [索取号:F832.33/211] 在馆    
3 1307203   213072039   第一借阅区/ [索取号:F832.33/211] 在馆    
4 1307204   213072048   第一借阅区/ [索取号:F832.33/211] 在馆    
唐山师范学院图书馆 欢迎您!
大连网信软件有限公司© 版权所有